000 00505nam a22001337a 4500
082 _a823
_bARC/M
100 _aARCHER,JEFFREY
245 _aA MATTER OF HONOUR
260 _aLONDON
_bPAN BOOKS
300 _a429
520 _aA disgraced British colonel bequeaths a mysterious letter to his only son. But the moment Adam Scott opens the yellowing envelope, he sets into motion a deadly chain of events that threatens to shake the very foundations of the free world.
650 _aNOVAL
_zLONDON
942 _cBK
999 _c2260
_d2260